000 01748nam a2200421 i 4500
001 BK0026853172
005 20260205142130.0
008 210402s2021 nyu c 000 1 eng d
010 _abl2021008143
020 _a9780593111154 : HRD
_c16.99
020 _a059311115X : HRD
_c16.99
_qhc.
037 _bPenguin Group USA, Order Processing Dept 120 Woodbine st, Bergenfield, NJ, USA, 07621
_nSAN 201-3975
040 _aNjBwBT
_beng
_cNjBwBT
_erda
050 1 4 _aPZ7.1.L8456
_bToo 2021
082 0 4 _a[Fic]
_223
092 _ajunior newbery
_bLukoff
100 1 _aLukoff, Kyle,
_eauthor.
_96358546
245 1 0 _aToo bright to see /
_cKyle Lukoff.
264 1 _aNew York :
_bDial Books for Young Readers,
_c2021.
300 _a188 pages ;
_c22 cm
336 _atext
336 _astill image
337 _aunmediated
338 _avolume
490 _aNewbery
520 _aIn the summer before middle school, eleven-year-old Bug must contend with best friend Moira suddenly caring about clothes, makeup, and boys; a ghost haunting; and the truth about Bug's gender identity.
586 _aJohn Newbery Honor Book, 2022; Stonewall Book Award Winner, 2022; National Book Award Finalist, 2022.
586 _aChildren's Literature Legacy Lecture Award, 2024.
650 _aNewbery Medal
650 1 _aBest friends
_vFiction.
_95675106
650 1 _aJohn Newbery Medal; National Book Award; Stonewall Book Award.
_96443500
650 1 _aChildren's Literature Award
_96482884
650 1 _aFriendship
_vFiction.
_95673769
650 1 _aHaunted houses
_vFiction.
_95673628
650 1 _aTransgender people
_vFiction.
_95722855
651 1 _aVermont
_vFiction.
_95701422
942 _2ddc
_cBOOK
999 _c365785
_d365785